[Event "24th Chicago Open"]
[Site "Wheeling, IL"]
[Date "2015.05.25"]
[Round "9"]
[White "Shankar, Gauri"]
[Black "Holt, Conrad"]
[Result "1/2-1/2"]
[WhiteElo "2307"]
[BlackElo "2533"]
[PlyCount "45"]
[EventDate "2015.05.??"]
[EventType "swiss"]
[EventRounds "9"]
[EventCountry "USA"]
[Source "MonRoi"]

1. c4 c6 2. e4 d5 3. cxd5 cxd5 4. exd5 Nf6 5. Nc3 Nxd5 6. Nf3 Nc6 7. Bb5 e6 8.
O-O Be7 9. d4 O-O 10. Re1 Qa5 11. Qb3 Nxc3 12. bxc3 Bf6 13. Bf4 Bd7 14. Bd3 b6
15. Qc2 g6 16. Rab1 Rac8 17. Qd2 Rfd8 18. Ng5 Be8 19. Ne4 Be7 20. Rb5 Qa3 21.
Rb3 Qa5 22. Rb5 Qa3 23. Rb3 1/2-1/2

[Event "24th Chicago Open"]
[Site "Wheeling, IL"]
[Date "2015.05.25"]
[Round "9"]
[White "Griffith, Kyron"]
[Black "Molner, Mackenzie"]
[Result "1/2-1/2"]
[WhiteElo "2303"]
[BlackElo "2507"]
[PlyCount "26"]
[EventDate "2015.05.??"]
[EventType "swiss"]
[EventRounds "9"]
[EventCountry "USA"]
[Source "MonRoi"]

1. e4 c5 2. Nf3 d6 3. d4 cxd4 4. Nxd4 Nf6 5. Nc3 a6 6. Bg5 e6 7. f4 h6 8. Bh4
Qb6 9. Qd2 Qxb2 10. Rb1 Qa3 11. f5 Be7 12. fxe6 fxe6 13. Bc4 Nxe4 1/2-1/2

[Event "24th Chicago Open"]
[Site "Wheeling, IL"]
[Date "2015.05.25"]
[Round "9"]
[White "Schmakel, Sam"]
[Black "Bregadze, Levan"]
[Result "0-1"]
[WhiteElo "2301"]
[BlackElo "2484"]
[PlyCount "116"]
[EventDate "2015.05.??"]
[EventType "swiss"]
[EventRounds "9"]
[EventCountry "USA"]
[Source "MonRoi"]

1. d4 d5 2. c4 c6 3. Nf3 Nf6 4. Nc3 a6 5. a4 e6 6. g3 dxc4 7. Ne5 Bb4 8. Bg2 c5
9. dxc5 Qxd1+ 10. Kxd1 Bxc5 11. Nxc4 Nc6 12. Be3 Bxe3 13. Nxe3 Ke7 14. Nc4 Bd7
15. Nb6 Rad8 16. e3 Nb4 17. Nxd7 Nxd7 18. Ke2 Nc5 19. Rad1 b6 20. Rd4 Rxd4 21.
exd4 Nb3 22. Rd1 Rd8 23. d5 e5 24. Ke3 f5 25. g4 f4+ 26. Ke4 Kd6 27. Kf5 Nd4+
28. Kg5 f3 29. Bf1 Nxd5 30. Bxa6 Kc5 31. Re1 Re8 32. Nxd5 Kxd5 33. Bb7+ Kd6 34.
b4 Re6 35. Kh4 Ne2 36. Bxf3 Rh6+ 37. Kg5 Rg6+ 38. Kh4 Rh6+ 39. Kg5 Nd4 40. Rd1
Ke7 41. Bb7 Rxh2 42. f4 Ne6+ 43. Kf5 Re2 44. g5 exf4 45. a5 bxa5 46. bxa5 f3
47. Bxf3 Ra2 48. Rd5 Ra4 49. Bd1 g6+ 50. Ke5 Ra1 51. Rb5 Rxd1 52. Rb7+ Rd7 53.
a6 Nd8 54. Rxd7+ Kxd7 55. Kf6 Nc6 56. Kg7 Ke6 57. Kxh7 Kf5 58. Kh6 Na7 0-1

[Event "24th Chicago Open"]
[Site "Wheeling, IL"]
[Date "2015.05.25"]
[Round "9"]
[White "Hilby, Craig"]
[Black "Aponte, Felix"]
[Result "1/2-1/2"]
[WhiteElo "2224"]
[BlackElo "2412"]
[PlyCount "66"]
[EventDate "2015.05.??"]
[EventType "swiss"]
[EventRounds "9"]
[EventCountry "USA"]
[Source "MonRoi"]

1. e4 c5 2. Nf3 Nc6 3. d4 cxd4 4. Nxd4 e5 5. Nb5 d6 6. N1c3 a6 7. Na3 b5 8. Nd5
Nce7 9. c4 Nxd5 10. Qxd5 Be6 11. Qd3 b4 12. Nc2 a5 13. g3 Nf6 14. Bg5 Be7 15.
Rd1 O-O 16. Bxf6 Bxf6 17. Bg2 Qc7 18. Ne3 Bg5 19. Nd5 Qc5 20. O-O a4 21. Kh1
Rfc8 22. f4 Bd8 23. b3 axb3 24. axb3 g6 25. Qf3 Qc6 26. f5 Bxd5 27. Rxd5 Ra6
28. fxg6 fxg6 29. Rxd6 Qxd6 30. Qf7+ Kh8 31. Qe8+ Kg7 32. Rf7+ Kh6 33. Qh8 Kg5
1/2-1/2

[Event "24th Chicago Open"]
[Site "Wheeling, IL"]
[Date "2015.05.25"]
[Round "9"]
[White "Kretchetov, Alexandre"]
[Black "Ulrich, Rachel"]
[Result "1-0"]
[WhiteElo "2338"]
[BlackElo "2091"]
[PlyCount "51"]
[EventDate "2015.05.??"]
[EventType "swiss"]
[EventRounds "9"]
[EventCountry "USA"]
[Source "MonRoi"]

1. d4 d5 2. c4 c6 3. Nf3 Nf6 4. e3 Bf5 5. Nc3 e6 6. Nh4 Be4 7. f3 Bg6 8. Qb3
Qc7 9. Bd2 Be7 10. Nxg6 hxg6 11. cxd5 exd5 12. O-O-O O-O 13. Kb1 Nbd7 14. g4 a5
15. Qc2 Rfc8 16. h4 b5 17. Bd3 b4 18. Na4 Nb6 19. g5 Nfd7 20. h5 Nxa4 21. hxg6
fxg6 22. Bxg6 Nf8 23. Qf5 Bxg5 24. Qxg5 Qd8 25. Rh8+ Kxh8 26. Qh5+ 1-0

[Event "24th Chicago Open"]
[Site "Wheeling, IL"]
[Date "2015.05.25"]
[Round "9"]
[White "Castillo, Joshua"]
[Black "Studen, Damir"]
[Result "1-0"]
[WhiteElo "2433"]
[BlackElo "2228"]
[PlyCount "109"]
[EventDate "2015.05.??"]
[EventType "swiss"]
[EventRounds "9"]
[EventCountry "USA"]
[Source "MonRoi"]

1. e4 d5 2. exd5 Qxd5 3. Nc3 Qd6 4. d4 Nf6 5. Be2 c6 6. Bf3 Bf5 7. Nge2 e6 8.
O-O Qc7 9. Re1 Be7 10. Bf4 Qd8 11. Ng3 Bg6 12. Qd2 O-O 13. Rad1 Nbd7 14. h4 h6
15. Bxh6 gxh6 16. Qxh6 Re8 17. Rxe6 Bf8 18. Rxe8 Nxe8 19. Qf4 Bd6 20. Qh6 Qf6
21. Nge4 Bxe4 22. Qxf6 Nexf6 23. Nxe4 Nxe4 24. Bxe4 Re8 25. Bf3 f5 26. g3 Kg7
27. Kg2 Kf6 28. c3 Nb6 29. b3 Ba3 30. c4 Rd8 31. d5 cxd5 32. cxd5 Nc8 33. Re1
Rd6 34. Re8 Ne7 35. Rf8+ Kg7 36. Rb8 Rd7 37. d6 Nc6 38. Rc8 Bxd6 39. Bxc6 bxc6
40. Rxc6 Bc7 41. Rc5 Kf6 42. Rc6+ Ke5 43. h5 Rh7 44. f3 Kd5 45. Rc4 Bd6 46. g4
Re7 47. Ra4 f4 48. g5 Re5 49. Kh3 Be7 50. Ra5+ Ke6 51. Rxe5+ Kxe5 52. Kg4 Bf8
53. h6 a5 54. Kh5 Kf5 55. g6 1-0

[Event "24th Chicago Open"]
[Site "Wheeling, IL"]
[Date "2015.05.25"]
[Round "9"]
[White "Colas, Joshua"]
[Black "Furfine, Jacob"]
[Result "0-1"]
[WhiteElo "2292"]
[BlackElo "2203"]
[PlyCount "118"]
[EventDate "2015.05.??"]
[EventType "swiss"]
[EventRounds "9"]
[EventCountry "USA"]
[Source "MonRoi"]

1. d4 Nf6 2. c4 e6 3. Nc3 Bb4 4. f3 d5 5. a3 Be7 6. e4 dxe4 7. fxe4 e5 8. d5
Bc5 9. Nf3 Bg4 10. Bg5 Nbd7 11. Be2 a5 12. Qc2 O-O 13. O-O-O Bxf3 14. Bxf3 Ra6
15. g4 Re8 16. h4 Nf8 17. Ne2 Qd7 18. Bxf6 Rxf6 19. Rd3 Ra6 20. Kb1 Rb8 21. a4
Rb6 22. b3 Qxa4 23. Kc1 Qa3+ 24. Kd2 Qb4+ 25. Qc3 Ra8 26. Qxb4 axb4 27. Rc1
Rba6 28. Rc2 Ra1 29. Rc1 R1a3 30. h5 Be7 31. Rb1 Nd7 32. Kc2 Nc5 33. Rdd1 R8a6
34. Rb2 Rf6 35. Ng1 Rf4 36. Re1 h6 37. Rf1 Nxe4 38. Re1 Ng5 39. Rxe5 Bf6 40.
Re8+ Kh7 41. Be2 Bxb2 42. Bd3+ g6 43. hxg6+ fxg6 44. Kxb2 Rf7 45. Ne2 Ra6 46.
Nd4 Raf6 47. Ne6 Nf3 48. Nd8 Rd7 49. Ne6 Ne5 50. Bc2 Nxg4 51. Nf8+ Rxf8 52.
Rxf8 Kg7 53. Re8 Nf6 54. Re5 Kf7 55. Kc1 b6 56. Bd3 Rd6 57. Kd2 Nd7 58. Re1 Nc5
59. Bc2 c6 0-1

[Event "24th Chicago Open"]
[Site "Wheeling, IL"]
[Date "2015.05.25"]
[Round "9"]
[White "Li, Ruifeng"]
[Black "Ramer, Scott"]
[Result "1-0"]
[WhiteElo "2426"]
[BlackElo "2218"]
[PlyCount "41"]
[EventDate "2015.05.??"]
[EventType "swiss"]
[EventRounds "9"]
[EventCountry "USA"]
[Source "MonRoi"]

1. e4 c5 2. Nf3 d6 3. d4 cxd4 4. Nxd4 Nf6 5. Nc3 g6 6. Be3 Bg7 7. Be2 O-O 8.
Qd2 Ng4 9. Bxg4 Bxg4 10. f3 Bd7 11. h4 b5 12. h5 e6 13. O-O-O Qf6 14. Bg5 Qe5
15. Bf4 Qxd4 16. Qxd4 Bxd4 17. Rxd4 e5 18. Rxd6 exf4 19. Nd5 Bc8 20. Nf6+ Kg7
21. hxg6 1-0

[Event "24th Chicago Open"]
[Site "Wheeling, IL"]
[Date "2015.05.25"]
[Round "9"]
[White "Shen, Arthur"]
[Black "Niemann, Hans"]
[Result "1-0"]
[WhiteElo "2346"]
[BlackElo "2181"]
[PlyCount "61"]
[EventDate "2015.05.??"]
[EventType "swiss"]
[EventRounds "9"]
[EventCountry "USA"]
[Source "MonRoi"]

1. e4 c5 2. Nf3 d6 3. d4 cxd4 4. Nxd4 Nf6 5. Nc3 a6 6. Be3 e5 7. Nb3 Be6 8. h3
Be7 9. Qf3 Nbd7 10. O-O-O b5 11. g4 h6 12. Nd5 Bxd5 13. exd5 Nb6 14. h4 e4 15.
Qg2 Nbxd5 16. Bd2 Nc7 17. g5 hxg5 18. hxg5 Rxh1 19. Qxh1 Ng4 20. Qg2 e3 21.
fxe3 Ne5 22. Bc3 Ng6 23. Bxg7 Bxg5 24. Bd3 Ne6 25. Qc6+ Ke7 26. Qb7+ Ke8 27.
Bxg6 fxg6 28. Rh1 Be7 29. Rh8+ Bf8 30. Nd4 Nxg7 31. Nc6 1-0